00305nam a2200133Ia 4500008004100000041000800041082001500049100001200064245003200076250000800108260003600116300000900152500001000161220803s9999 xx 000 0 und d aeng a891.46 GHA aGhate N aPrem Sparsha Aani Aakarshan a2nd aPunebManovikas Prakashanc2013 a280p aARCHI